000 00623nam 22002293 4500
001 200703
010 _a972-41-3349-4
021 _aPT
_b192922/03
090 _a200703
100 _a20260223d u||y0pory50 ba
200 _aLigue-me ao céu
_eO próximo!
_fargumento Janry, desenho e cor Stuf
205 _a
210 _aPorto
_cAsa Editores
_d2004
215 _a46 p.
_cil. ; encadernado
_d30 cm
606 _91586
_aDesenho Artístico
610 _aBanda Desenhada
675 _a74
_vPT
_zpor
700 _916462
_aJanry
_f1957-
701 _916463
_aStuf
_f1959-
801 _aPT
_bBMMN
_gRPC
830 _cIsabel
990 _cLIVROS